Flagi nieistniejących już państw - Statystyki

Ogólne statystyki
  • Ten quiz został rozwiązany 1 087 razy
    991 od ostatniego zresetowania
  • Średni wynik to 6 z 16
Statystyki odpowiedzi
Obrazkowy Odpowiedź % Poprawnych
ZSRR
97%
Austro-Węgry
61%
III Rzesza
59%
PRL
57%
NRD
54%
Imperium Osmańskie
48%
Prusy
44%
Rzeczpospolita Obojga Narodów
38%
Cesarstwo Japońskie
28%
Wielkie Księstwo Litewskie
24%
Indie Brytyjskie
14%
Hospodarstwo Mołdawskie
13%
Skonfederowane Stany Ameryki
11%
Państwo zakonu krzyżackiego
9%
Litewska SRR
8%
SFR Jugosławii
4%
Nie znaleziono quizów pasujących do podanych kryteriów
Rozkład punktacji
Procent ludzi z każdym wynikiem
Percentyl według liczby udzielonych odpowiedzi
Twoja historia wyników
Nie rozwiązałeś tego quizu od ostatniego zresetowania